Honest Movie Titles - Statistics

General Stats
  • This quiz has been taken 37,450 times
  • The average score is 7 of 20
Answer Stats
Honest Title Actual Title % Correct
Mostly Cretaceous Park Jurassic Park
95%
Family Guy with a Teddy Bear Ted
83%
Han Solo as an Archaeologist Raiders of the Lost Ark
82%
The Tropical Rainforest Book The Jungle Book
70%
No Trains, Just Heroin Addicts Trainspotting
55%
Inglorious Basterds: Slavery Edition Django Unchained
53%
Hamlet with Animals The Lion King
46%
The Cruise-Kidman Sextape Eyes Wide Shut
36%
The OTHER Asteroid Impact Movie Deep Impact
30%
Gayjökes Brüno
27%
The 1 Hour and 42 Minute Story The NeverEnding Story
25%
Xaved By the Bell X-Men: First Class
23%
Brainerd, Minnesota Fargo
20%
Longest ... Episode ... Ever The Simpsons Movie
20%
Two Hour Daft Punk Music Video TRON: Legacy
20%
Please Spay and Neuter Your Pets 101 Dalmatians
16%
Anthropomorphic Twinkies Despicable Me
12%
Semi-Nude Men on a Suicide Mission 300
10%
Super Mario 3 Commerical The Wizard
4%
Occupy Space Station Elysium
3%
No matching quizzes found
Score Distribution
Percent of People with Each Score
Percentile by Number Answered
Your Score History
You have not taken this quiz